000 00425nam a2200157Ia 4500
008 151213s9999 xx 000 0 und d
100 _aRichard I. Levin & others
245 _aStatistics for management
_cRichard I. Levin & others
250 _a7th
260 _aNew Delhi
_bPrentice hall
_c2000
300 _a1149 p.
650 _aStatistics
650 _aStatistics
700 _aRichard I. Levin & others
999 _c1046
_d1046